RICS Draft Professional Standard: Affordable housing developments - valuation considerations (Record no. 121817)

MARC details
000 -LEADER
fixed length control field 01877nam a22003017a 4500
008 - FIXED-LENGTH DATA ELEMENTS--GENERAL INFORMATION
fixed length control field 240305t2024 xxk|||||o|||| 00| 0 eng d
041 ## - LANGUAGE CODE
Language code of text/sound track or separate title eng
110 ## - MAIN ENTRY--CORPORATE NAME
Corporate author Royal Institution of Chartered Surveyors
245 ## - TITLE STATEMENT
Title RICS Draft Professional Standard: Affordable housing developments - valuation considerations
Subtitle a consultation
Medium [Electronic resource]
260 ## - PUBLICATION INFORMATION
Place of publication London,
Publisher Royal Institution of Chartered Surveyors,
Date 28 February 2024
300 ## - PHYSICAL DESCRIPTION
Physical description 29p.
490 ## - SERIES TITLE
Series statement RICS Consultation
520 ## - ABSTRACT
Abstract The 2nd edition of ‘Valuation of land for affordable housing’ GN was published in 2016. The aim of the guidance is to assist practitioners in the approach to the valuation of affordable housing development land. This area of practice is highly regulated and subject to changes in government policy and programmes for the support of affordable housing in the public housing delivery sector through housing associations and others. The new 1st edition will be retitled to Affordable housing development – valuation considerations, and will supersede the 2nd edition published in 2016. Consultation opened 28 Feb 2024 closes 28 March 2024. <br/>
650 ## - KEYWORDS
Keywords AFFORDABLE HOUSING
650 ## - KEYWORDS
Keywords DISCOUNT MARKET SALES
650 ## - KEYWORDS
Keywords GROSS DEVELOPMENT VALUE
650 ## - KEYWORDS
Keywords RENT TO BUY
650 ## - KEYWORDS
Keywords SHARED OWNERSHIP
650 ## - KEYWORDS
Keywords SOCIAL HOUSING
650 ## - KEYWORDS
Keywords TOWN AND COUNTRY PLANNING ACT 1990
650 ## - KEYWORDS
Keywords VALUATION
651 ## - SUBJECT ADDED ENTRY--GEOGRAPHIC NAME
Geographic name England
690 ## - BROAD SUBJECT
Broad subject Valuation
9 (RLIN) 6273
710 ## - ADDED CORPORATE NAME
Added corporate author Royal Institution of Chartered Surveyors
856 ## - ONLINE RESOURCE
Uniform Resource Identifier <a href="https://consultations.rics.org/gf2.ti/f/1555202/199530501.1/DOCX/-/Affordable%20housing_for%20consultation%201.3.24.docx">https://consultations.rics.org/gf2.ti/f/1555202/199530501.1/DOCX/-/Affordable%20housing_for%20consultation%201.3.24.docx</a>
Public note View the consultation document on RICS.org
856 ## - ONLINE RESOURCE
Uniform Resource Identifier <a href="https://consultations.rics.org/afforablehousing/consultationHome">https://consultations.rics.org/afforablehousing/consultationHome</a>
Public note View the RICS iConsult homepage on affordable housing valuation
942 ## - ADDED ENTRY ELEMENTS (KOHA)
Suppress in OPAC Do not suppress in OPAC
Holdings
Lost status Damaged status Not for loan Current library Shelving location Date acquired Total Checkouts Full call number Date last seen Price effective from Koha item type
      Virtual Online 05/03/2024   RICS iConsult 05/03/2024 05/03/2024 Online material